1626 1042 1674 1690 1069 1745 1168 1896 1978 1770 1625 1721 1526 1277 1434 1733 1259 1952 1620 1665 1403 1884 1691 1111 1690 1787 1506 1916 1083 1539 1401 1579 1046 1593 1172 1356 1667 1146 1017 1025 1139 1022 1320 1677 1131 1922 1488 1192 1030 1201 1041 1778 1796 1066 1181 1520 1905 1967 1480 1629 1860 1144 1050 1882 1120 1283 1639 1872 1984 1247 1030 1486 1309 1160 1096 1401 1338 1303 1882 1469 1267 1165 1813 1340 1975 1962 1354 1940 1901 1453 1889 1954 1400 1616 1442 1284 1837 1615 1485 BCNSPRNW ULIB Ver.6.0+V

เปลี่ยนเป็นภาษาไทย

Change to English
 แสดงรายละเอียดบรรณานุกรม
  กลับหน้าหลัก

Brief Record : Get Marc (ISO 2709) : E-mail record : QR code < ปิดหน้าต่าง
LEADER : 00000nam a2200000Ia 4500
001    13399114637
003     ULIB
008    100816s2555 th a 000 0 tha d
020    ^a 9789743264443
050  4 ^aQ180.T5^bน199
245 00 ^aนโยบายและยุทธศาสตร์การวิจัยของชาติ ฉบับที่ 8 (พ.ศ.2555-2559) /^cสำนักงานคณะกรรมการวิจัยแห่งชาติ
260    ^aกรุงเทพฯ :^bสำนักงาน,^c2552
300    ^aix, 71 หน้า ;^c30 ซม.
500    ^aSend to Single Search
650  4 ^aวิจัย^zไทย
650  4 ^aวิจัย^zไทย^xนโยบายของรัฐ
650  4 ^aวิจัย^xนโยบายของรัฐ
650  4 ^aวิจัย^xนโยบายของรัฐ^zไทย
710 2  ^aสำนักงานคณะกรรมการวิจัยแห่งชาติ
945    ^p0^l0^i031676
995    ^a เกษร
999 ^a ใช้งานได้ทุกระบบ
รายการนี้ยังไม่มีแท็ก
คุณยังไม่ได้ล็อกอิน คุณสามารถมีกิจกรรมร่วมกับเว็บไซต์ได้ แต่ต้องล็อกอินก่อน ::
  ล็อกอิน

รายการสื่อสารสนเทศ

ลำดับที่ ประเภท เลขเรียก/บาร์โค้ด สถานที่ สถานะ
- ไม่พบข้อมูล -

BibComment


ยังไม่เคยถูกคอมเมนท์

คอมเมนท์ทรัพยากรรายการนี้
  คอมเมนท์: นโยบายและยุทธศาส..


 Copyright 2026. Bcnsprnw @Library